Länder Ozeaniens zuordnen - Statistiken

Allgemein
  • Dieses Quiz wurde 390 mal gespielt
  • Das Durchschnittsergebnis liegt bei 9 aus 16
Antworten auf der Karte
Die Antworten werden auf der Karte rot bzw. grün angezeigt, abhängig davon wie oft sie richtig erraten wurden.
 
Antwortstatistiken
Antwort % Korrekt
Australien
99%
Neuseeland
96%
Papua-Neuguinea
90%
Mikronesien
60%
Kiribati
56%
Marshallinseln
54%
Fidschi
53%
Salomonen
53%
Nauru
50%
Palau
46%
Vanuatu
39%
Tuvalu
38%
Samoa
37%
Französisch-Polynesien
36%
Tonga
36%
Neukaledonien (Frankreich)
30%
Keine übereinstimmenden Quizze gefunden
Verteilung der Resultate
Anzahl Personen mit jedem Resultat
Perzentil nach korrekt beantworteten Fragen
Ihre Resultats-Entwicklung
Sie haben dieses Quiz noch nicht gespielt